| 000 | 00492nam a2200157Ia 4500 | ||
|---|---|---|---|
| 008 | 160114s9999 xx 000 0 und d | ||
| 020 | _a9780330479516 | ||
| 050 | _aFic | ||
| 050 | _b.V768g 2010 | ||
| 100 | _aVincent, Bruno. | ||
| 245 |
_aGrisly tales from Tumble-water / _cBruno Vincent ; illustrated by Jo Coates. |
||
| 260 |
_aLondon : _bMacmillan Children's Books. _c2012 |
||
| 300 |
_a294 pages; _billustrations ; _c20 cm. |
||
| 650 | _aChildren's stories. | ||
| 650 | _aHorror tales. | ||
| 999 |
_c290335 _d290335 |
||